[Event "Titled Tuesday intern op 09th Jan Early"]
[Site "Chess.com INT"]
[Date "2024.01.09"]
[Round "11"]
[White "Klukin, Kirill"]
[Black "Wojtaszek, Radoslaw"]
[Result "1-0"]
[WhiteElo "2390"]
[BlackElo "2674"]
[PlyCount "105"]
[EventDate "2024.01.09"]
[EventType "swiss (blitz)"]
[EventRounds "11"]
[EventCountry "USA"]
[SourceTitle "CB03_2024"]
[SourceDate "2024.01.17"]
[SourceVersion "1"]
[SourceVersionDate "2024.01.17"]
[SourceQuality "1"]

1. d4 Nf6 2. c4 e6 3. Nc3 Bb4 4. e3 0-0 5. Bd2 c5 6. Nf3 Bxc3 7. Bxc3 Ne4 8. Rc1 d6 9. Qc2 Nxc3 10. Qxc3 Nc6 11. Be2 Qe7 12. 0-0 e5 13. dxe5 dxe5 14. Rfd1 e4 15. Nd2 f5 16. a3 a5 17. Nb1 Be6 18. Qe1 f4 19. Bf1 f3 20. g3 Ne5 21. Nc3 Bf5 22. Rd5 Ra6 23. Rcd1 Rh6 24. Qd2 Ng4 25. h3 Ne5 26. Rd8 Nd3 27. Rxf8+ Qxf8 28. Nxe4 Bxe4 29. Bxd3 Rd6 30. Bxe4 Rxd2 31. Rxd2 b6 32. Rd7 g6 33. Bd5+ Kh8 34. Rf7 Qd6 35. Rxf3 Qe5 36. b3 Qb2 37. e4 Qxa3 38. Bc6 Kg7 39. Kg2 Qa1 40. Re3 Qe5 41. Rf3 h5 42. h4 Qd4 43. Re3 Qe5 44. Ba4 Kf8 45. Rf3+ Ke7 46. Re3 Qd4 47. Bc6 Qe5 48. Ba4 Kd6 49. Rd3+ Ke7 50. Kf3 Qf6+ 51. Ke3 Qb2 52. Kf3 Qf6+ 53. Kg2 1-0

[Event "POL Superleague Rapid Final"]
[Site "Bydgoszcz"]
[Date "2023.11.25"]
[Round "1.11"]
[White "Wojtaszek, Radoslaw"]
[Black "Navara, David"]
[Result "1/2-1/2"]
[WhiteElo "2668"]
[BlackElo "2695"]
[PlyCount "135"]
[EventDate "2023.11.25"]
[EventType "team-k.o. (rapid)"]
[EventRounds "2"]
[EventCountry "POL"]
[SourceTitle "CB48_2023"]
[SourceDate "2023.11.29"]
[SourceVersion "1"]
[SourceVersionDate "2023.11.29"]
[SourceQuality "1"]
[WhiteTeam "Bydgoszcz Gwiazda"]
[BlackTeam "Katowice Wasko"]
[WhiteTeamCountry "POL"]
[BlackTeamCountry "POL"]

1. Nf3 d5 2. d4 Nf6 3. c4 c6 4. Qb3 dxc4 5. Qxc4 Bf5 6. g3 e6 7. Bg2 Be7 8. 0-0 Nbd7 9. Qb3 Qb6 10. Nbd2 0-0 11. Nc4 Qa6 12. Bf4 Nb6 13. Rfc1 Nxc4 14. Qxc4 Qxc4 15. Rxc4 Be4 16. Ne5 Bxg2 17. Kxg2 Rfd8 18. f3 Nd5 19. Rd1 c5 20. e4 Nxf4+ 21. gxf4 f6 22. Ng4 b5 23. Rcc1 cxd4 24. Nf2 Rac8 25. Kf1 Bd6 26. Nd3 Rc4 27. e5 fxe5 28. fxe5 Be7 29. Ke2 Kf7 30. f4 Rdc8 31. Kf3 g5 32. Ke4 Kg6 33. Rg1 Rxc1 34. Nxc1 Rc2 35. Nb3 Rxb2 36. Nxd4 Rb4 37. Kd3 Bc5 38. Rxg5+ Kf7 39. Ne2 Ra4 40. Nc3 Rd4+ 41. Ke2 Rxf4 42. Nxb5 Rf2+ 43. Kd3 Rxh2 44. a4 Rh4 45. Nc3 Rd4+ 46. Kc2 Rc4 47. Kd3 Rd4+ 48. Kc2 Be7 49. Rg1 h5 50. a5 h4 51. a6 h3 52. Nb5 Rh4 53. Nxa7 h2 54. Rh1 Bc5 55. Nc8 Bg1 56. Kb3 Kg6 57. a7 Bxa7 58. Nxa7 Kf5 59. Nc6 Ke4 60. Kc4 Kf3+ 61. Kc5 Kg2 62. Rxh2+ Rxh2 63. Nd4 Rh6 64. Kd6 Kg3 65. Nxe6 Kg4 66. Kd5 Rh5 67. Ke4 Rxe5+ 68. Kxe5 1/2-1/2

[Event "EU-chT 24th"]
[Site "Budva"]
[Date "2023.11.12"]
[Round "2.10"]
[White "Wojtaszek, Radoslaw"]
[Black "Fedoseev, Vladimir1"]
[Result "1/2-1/2"]
[WhiteElo "2668"]
[BlackElo "2675"]
[PlyCount "85"]
[EventDate "2023.11.11"]
[EventType "team-swiss"]
[EventRounds "9"]
[EventCountry "MNE"]
[SourceTitle "CB47_2023"]
[SourceDate "2023.11.22"]
[SourceVersion "1"]
[SourceVersionDate "2023.11.22"]
[SourceQuality "1"]
[WhiteTeam "Poland"]
[BlackTeam "Slovenia"]
[WhiteTeamCountry "POL"]
[BlackTeamCountry "SLO"]

1. d4 Nf6 2. c4 g6 3. Nc3 Bg7 4. e4 d6 5. Nf3 0-0 6. Be2 e5 7. 0-0 h6 8. Re1 Qe7 9. dxe5 dxe5 10. Nd5 Nxd5 11. cxd5 c6 12. Bc4 Rd8 13. Qe2 cxd5 14. exd5 Bg4 15. h3 Bxf3 16. Qxf3 Na6 17. Be3 Qd6 18. Rac1 f5 19. Bxa6 Qxa6 20. Red1 Rd7 21. d6 Rad8 22. Qd5+ Kh7 23. Bc5 e4 24. Ba3 Qb6 25. Qe6 h5 26. Rc2 Qa5 27. Rcd2 Qe5 28. Qb3 Bh6 29. Rd5 Qe6 30. Re1 h4 31. Kf1 Bf4 32. Red1 b6 33. Kg1 e3 34. fxe3 Bxe3+ 35. Kh1 Bf2 36. Bb4 a5 37. Qf3 Bg3 38. Ba3 Re8 39. Kg1 Kg8 40. Rb5 Qxa2 41. Rxb6 Qe6 42. Bc5 Qc4 43. Bf2 1/2-1/2

[Event "FIDE Grand Swiss"]
[Site "Douglas"]
[Date "2023.11.05"]
[Round "11"]
[White "Wojtaszek, Radoslaw"]
[Black "Sevian, Samuel"]
[Result "1/2-1/2"]
[WhiteElo "2668"]
[BlackElo "2698"]
[PlyCount "44"]
[EventDate "2023.10.25"]
[EventType "swiss"]
[EventRounds "11"]
[EventCountry "IOM"]
[SourceTitle "Mega2024 Update 01"]
[Source "Chessbase"]
[SourceDate "2023.11.12"]
[SourceVersion "1"]
[SourceVersionDate "2023.11.12"]
[SourceQuality "1"]

1. d4 Nf6 2. c4 e6 3. Nf3 d5 4. g3 Bb4+ 5. Bd2 a5 6. Bg2 0-0 7. Qc2 c5 8. cxd5 cxd4 9. Nxd4 Qb6 10. e3 exd5 11. a3 Bxd2+ 12. Nxd2 Nc6 13. N2f3 Bg4 14. 0-0 Nxd4 15. Nxd4 Rfc8 16. Qb3 Qxb3 17. Nxb3 Rc2 18. Rab1 Bh5 19. Nd4 Rd2 20. Nb3 Rc2 21. Nd4 Rd2 22. Nb3 Rc2 1/2-1/2

[Event "POL-chT Ekstraliga"]
[Site "Lublin"]
[Date "2023.09.23"]
[Round "6.1"]
[White "Wojtaszek, Radoslaw"]
[Black "Bluebaum, Matthias"]
[Result "1/2-1/2"]
[WhiteElo "2675"]
[BlackElo "2670"]
[PlyCount "43"]
[EventDate "2023.09.18"]
[EventType "team-tourn"]
[EventRounds "9"]
[EventCountry "POL"]
[SourceTitle "EXT 2024"]
[Source "ChessBase"]
[SourceDate "2023.10.10"]
[SourceVersion "1"]
[SourceVersionDate "2023.10.10"]
[SourceQuality "1"]
[WhiteTeam "Bydgoszcz Energia Gwiazda"]
[BlackTeam "Raciborz Silesia"]
[WhiteTeamCountry "POL"]
[BlackTeamCountry "POL"]

1. c4 e6 2. Nc3 d5 3. d4 Nf6 4. Bg5 Be7 5. e3 0-0 6. Nf3 h6 7. Bh4 c5 8. dxc5 dxc4 9. Bxc4 Qxd1+ 10. Rxd1 Nbd7 11. c6 bxc6 12. 0-0 Nb6 13. Be2 Bb7 14. Ne5 c5 15. Ng4 Nfd5 16. Bxe7 Nxe7 17. Ne5 Ned5 18. Rc1 Nxc3 19. Rxc3 Rad8 20. Bf3 Bxf3 21. Nxf3 c4 22. Rfc1 1/2-1/2

[Event "POL-chT Ekstraliga"]
[Site "Lublin"]
[Date "2023.09.22"]
[Round "5.1"]
[White "Navara, David"]
[Black "Wojtaszek, Radoslaw"]
[Result "1/2-1/2"]
[WhiteElo "2688"]
[BlackElo "2675"]
[PlyCount "60"]
[EventDate "2023.09.18"]
[EventType "team-tourn"]
[EventRounds "9"]
[EventCountry "POL"]
[SourceTitle "EXT 2024"]
[Source "ChessBase"]
[SourceDate "2023.10.10"]
[SourceVersion "1"]
[SourceVersionDate "2023.10.10"]
[SourceQuality "1"]
[WhiteTeam "Katowice Wasko"]
[BlackTeam "Bydgoszcz Energia Gwiazda"]
[WhiteTeamCountry "POL"]
[BlackTeamCountry "POL"]

1. d4 Nf6 2. Nf3 d5 3. Bf4 c5 4. e3 Nc6 5. Nbd2 Bg4 6. c3 e6 7. h3 Bh5 8. Qb3 Qc8 9. Nh4 cxd4 10. exd4 Qd7 11. Bd3 Bd6 12. Bxd6 Qxd6 13. 0-0 0-0 14. Nhf3 Rab8 15. Rfe1 Nd7 16. a4 Rfe8 17. Re3 Bg6 18. Bxg6 hxg6 19. Qb5 Qc7 20. Qe2 Ne7 21. Qd3 Nf5 22. Re2 Rbc8 23. g3 Qb6 24. Ra2 Rc6 25. a5 Qa6 26. Ne1 Qxd3 27. Nxd3 g5 28. Nb3 f6 29. Kg2 Kf7 30. Re1 Nd6 1/2-1/2

[Event "POL-chT Ekstraliga"]
[Site "Lublin"]
[Date "2023.09.20"]
[Round "3.1"]
[White "Bjerre, Jonas Buhl"]
[Black "Wojtaszek, Radoslaw"]
[Result "1/2-1/2"]
[WhiteElo "2627"]
[BlackElo "2675"]
[PlyCount "24"]
[EventDate "2023.09.18"]
[EventType "team-tourn"]
[EventRounds "9"]
[EventCountry "POL"]
[SourceTitle "EXT 2024"]
[Source "ChessBase"]
[SourceDate "2023.10.10"]
[SourceVersion "1"]
[SourceVersionDate "2023.10.10"]
[SourceQuality "1"]
[WhiteTeam "Legnica Miedz"]
[BlackTeam "Bydgoszcz Energia Gwiazda"]
[WhiteTeamCountry "POL"]
[BlackTeamCountry "POL"]

1. e4 c6 2. Nf3 d5 3. Nc3 Bg4 4. d4 e6 5. Be2 Be7 6. 0-0 Nf6 7. e5 Ne4 8. Nxe4 dxe4 9. Nd2 Bxe2 10. Qxe2 Qxd4 11. Qxe4 Qxe4 12. Nxe4 Nd7 1/2-1/2

[Event "FIDE World Cup"]
[Site "Baku"]
[Date "2023.08.11"]
[Round "4.3"]
[White "Dominguez Perez, Leinier"]
[Black "Wojtaszek, Radoslaw"]
[Result "1/2-1/2"]
[WhiteElo "2739"]
[BlackElo "2676"]
[PlyCount "76"]
[EventDate "2023.07.30"]
[EventType "k.o."]
[EventRounds "8"]
[EventCountry "AZE"]
[SourceTitle "EXT 2024"]
[Source "ChessBase"]
[SourceDate "2023.10.10"]
[SourceVersion "1"]
[SourceVersionDate "2023.10.10"]
[SourceQuality "1"]

1. e4 e5 2. Nf3 Nc6 3. Bc4 Nf6 4. d3 Be7 5. Nc3 d6 6. a4 0-0 7. 0-0 a5 8. Re1 Re8 9. h3 h6 10. Be3 Bf8 11. d4 exd4 12. Nxd4 Nb4 13. Bf4 c6 14. Qd2 Bd7 15. e5 dxe5 16. Bxe5 c5 17. Nf3 Bf5 18. Qf4 Bxc2 19. Bc7 Rxe1+ 20. Rxe1 Nfd5 21. Nxd5 Nxd5 22. Qd2 Qxc7 23. Qxc2 Nb6 24. Ne5 Nxc4 25. Nxc4 Be7 26. Qb3 Bf6 27. Qb5 Bd4 28. Re8+ Rxe8 29. Qxe8+ Kh7 30. Qe4+ g6 31. b3 Kg7 32. Kf1 h5 33. g3 Kf8 34. Kg2 Kg7 35. Qf3 Kf8 36. Qe4 Kg7 37. Qf3 Kf8 38. Qe4 Kg7 1/2-1/2

[Event "FIDE World Cup"]
[Site "Baku"]
[Date "2023.08.11"]
[Round "4.4"]
[White "Wojtaszek, Radoslaw"]
[Black "Dominguez Perez, Leinier"]
[Result "1/2-1/2"]
[WhiteElo "2676"]
[BlackElo "2739"]
[PlyCount "88"]
[EventDate "2023.07.30"]
[EventType "k.o."]
[EventRounds "8"]
[EventCountry "AZE"]
[SourceTitle "EXT 2024"]
[Source "ChessBase"]
[SourceDate "2023.10.10"]
[SourceVersion "1"]
[SourceVersionDate "2023.10.10"]
[SourceQuality "1"]

1. c4 c5 2. g3 g6 3. Bg2 Bg7 4. Nc3 Nc6 5. Nf3 e6 6. d4 cxd4 7. Nb5 d5 8. cxd5 Qa5+ 9. Nd2 exd5 10. Nd6+ Kf8 11. 0-0 Be6 12. Nf3 Qb4 13. Bf4 h6 14. Qb3 Qxb3 15. axb3 g5 16. Bd2 Rb8 17. b4 a6 18. b5 axb5 19. Nxb5 Nge7 20. Ra4 Bd7 21. Ra3 Bf6 22. Rd1 Kg7 23. Be1 d3 24. Raxd3 Bxb2 25. e4 dxe4 26. Rxd7 exf3 27. Bxf3 Ne5 28. Rxe7 Nxf3+ 29. Kg2 Nxe1+ 30. Rdxe1 Rhd8 31. R1e3 Bf6 32. Rc7 Rd5 33. Nc3 Bxc3 34. Rexc3 Rf5 35. Rb3 b5 36. Rb4 Rd8 37. g4 Re5 38. Rb7 Rdd5 39. Rb3 Kf8 40. Rb8+ Kg7 41. Rb7 Rd4 42. h3 Rf4 43. R7xb5 Re2 44. Rf3 Rxf3 1/2-1/2

[Event "Budapest Hetenyi Memorial"]
[Site "Budapest"]
[Date "2023.07.19"]
[Round "9"]
[White "Praggnanandhaa, Rameshbabu"]
[Black "Wojtaszek, Radoslaw"]
[Result "1/2-1/2"]
[WhiteElo "2690"]
[BlackElo "2676"]
[PlyCount "125"]
[EventDate "2023.07.11"]
[EventType "tourn"]
[EventRounds "9"]
[EventCountry "HUN"]
[EventCategory "17"]
[SourceTitle "CBM 215 Extra"]
[Source "ChessBase"]
[SourceDate "2023.09.30"]
[SourceVersion "1"]
[SourceVersionDate "2023.09.30"]
[SourceQuality "1"]

1. e4 e5 2. Nf3 Nc6 3. Nc3 Nf6 4. d4 exd4 5. Nxd4 Bb4 6. Nxc6 bxc6 7. Bd3 0-0 8. 0-0 d5 9. exd5 cxd5 10. Bg5 Be6 11. Nb5 c5 12. a3 Ba5 13. b4 Bb6 14. bxc5 Bxc5 15. Qd2 h6 16. Be3 Bxe3 17. Qxe3 Bd7 18. Rab1 Qb6 19. Qxb6 axb6 20. Rb4 Ra5 21. Rfb1 Rfa8 22. Nd4 Rxa3 23. Rxb6 Ra1 24. f3 Rxb1+ 25. Rxb1 Kf8 26. Kf2 Ke7 27. Rb7 g6 28. Ke3 Kd6 29. Rb6+ Ke7 30. h4 Ne8 31. h5 gxh5 32. Rxh6 Ng7 33. Rh7 Kf6 34. Rh6+ Kg5 35. Rb6 Re8+ 36. Kf2 Bf5 37. Rb5 Bxd3 38. cxd3 Rd8 39. Nc6 Rd6 40. Ne7 Nf5 41. Rxd5 Rxd5 42. Nxd5 h4 43. Nc3 Nd4 44. Ne2 Nc2 45. d4 Kf5 46. Kg1 Nb4 47. Nc3 Nc2 48. d5 Ke5 49. Kh2 Nb4 50. Kh3 Kd4 51. Ne2+ Ke3 52. Nc3 Kd4 53. Ne4 Nxd5 54. Kxh4 Ke3 55. Kg3 f5 56. Ng5 Nf4 57. Nh3 Nd3 58. Ng5 Nf4 59. Nf7 Ne2+ 60. Kh4 Nf4 61. g4 fxg4 62. fxg4 Ne6 63. g5 1/2-1/2

[Event "Budapest Hetenyi Memorial"]
[Site "Budapest"]
[Date "2023.07.17"]
[Round "7"]
[White "Shevchenko, Kirill"]
[Black "Wojtaszek, Radoslaw"]
[Result "1/2-1/2"]
[WhiteElo "2694"]
[BlackElo "2676"]
[PlyCount "82"]
[EventDate "2023.07.11"]
[EventType "tourn"]
[EventRounds "9"]
[EventCountry "HUN"]
[EventCategory "17"]
[SourceTitle "CBM 215 Extra"]
[Source "ChessBase"]
[SourceDate "2023.09.30"]
[SourceVersion "1"]
[SourceVersionDate "2023.09.30"]
[SourceQuality "1"]

1. d4 Nf6 2. c4 e6 3. g3 d5 4. Bg2 Bb4+ 5. Bd2 a5 6. Nf3 0-0 7. Qc2 c5 8. dxc5 d4 9. Bxb4 axb4 10. Ne5 Qc7 11. Nd3 Na6 12. Nd2 e5 13. 0-0 Bf5 14. Nb3 Rad8 15. Qd2 Be4 16. Bh3 Rfe8 17. Nxb4 Nxc5 18. Nd3 Ne6 19. Rac1 h6 20. Bxe6 Rxe6 21. Ndc5 Rc6 22. Nxe4 Nxe4 23. Qd3 Nf6 24. c5 e4 25. Qc4 Rd5 26. Rcd1 d3 27. exd3 Qd7 28. f3 exd3 29. Rd2 Re6 30. Nc1 Rd4 31. Qc3 Re3 32. Rfd1 Rxf3 33. Rxd3 Rdxd3 34. Rxd3 Rxd3 35. Nxd3 Ne4 36. Qc2 Qd4+ 37. Kg2 Qe3 38. Nf4 Nxc5 39. Qe2 Qd4 40. Qe8+ Kh7 41. Qxf7 Qxb2+ 1/2-1/2